[Event "4th ChessMates Murmansk 2020"]
[Site "Murmansk"]
[Date "2020.03.13"]
[Round "1.1"]
[White "Travadon, Loic"]
[Black "Andrijashkin, Deniss"]
[Result "1-0"]
[WhiteElo "2426"]
[BlackElo "1946"]
[Annotator "TA"]
[PlyCount "95"]
[EventDate "2020.03.13"]
[EventType "team-tourn"]
[EventCountry "RUS"]
[SourceTitle "playchess.com"]
[Source "ChessBase"]
[SourceQuality "1"]

{[%evp 13,95,42,58,36,45,14,79,50,47,21,27,8,38,26,37,38,42,47,47,35,24,24,55,0,70,72,69,70,88,37,20,24,33,12,34,0,21,0,89,94,94,89,91,33,47,40,91,84,81,53,51,45,33,39,94,87,94,80,98,74,304,300,314,155,289,289,357,368,424,415,377,409,398,348,515,531,693,662,1788,1250,2390,2239,1792,1722]} 1. d4 Nf6 2. Nf3 g6 3. Nc3 Bg7 4. e4 d6 5. Be2 O-O 6. O-O Nc6 7. d5 Nb4 8. a3 {B08: Pirc Defence: Classical System.} Na6 9. Be3 {[#]} c5 $146 (9... Nc5 $11) ({Predecessor:} 9... e6 10. dxe6 Bxe6 11. Nd4 Bd7 12. Re1 Re8 13. f3 Nc5 14. Qd2 Qe7 15. Bf1 c6 {0-1 (42) Guliev,K-Sideif Sade,F (2350) Azerbaijan 1981}) 10. Nd2 {White is better.} Nc7 11. a4 e6 12. Nc4 exd5 13. exd5 Re8 14. Bf3 b6 15. Bf4 $36 {[%mdl 2048] White is pushing.} Bf8 16. h3 Ba6 17. b3 {[%cal Bb2b3,Bb3c4][%mdl 32]} Qd7 18. g4 (18. Bg3 $14) 18... Bxc4 (18... h5 $11) 19. bxc4 $14 Bg7 20. Ra3 Qe7 21. Nb5 (21. g5 $16 Nd7 22. Ne4) 21... Nxb5 22. axb5 Nd7 23. Kg2 Ne5 (23... Bb2 $5 {[%cal Rb2a3]} 24. Ra4 Bg7 $11) 24. Ra4 Qf6 25. Bg3 (25. Bc1 {is more complex.} Nxf3 26. Qxf3 Qd8 27. Bf4 Qd7 28. Ra3) 25... Qxf3+ (25... Bh6 $11 {remains equal.}) 26. Qxf3 $16 Nxf3 27. Kxf3 Be5 28. Bh4 (28. Bxe5 $16 Rxe5 29. Rfa1) 28... Bd4 29. Bg5 Kg7 (29... f5 $14) 30. Bd2 h6 31. Ra6 Re7 32. Bf4 Rd7 33. Re1 Rc8 ({Black should play} 33... g5 $14 34. Bg3 Rf8) 34. h4 Bc3 35. Re2 Ba5 36. Bc1 Rb8 $2 {[#] This costs Black the game.} (36... Bc3 $16) 37. Bb2+ $18 Kf8 38. Re3 (38. Bf6 $18 {and White stays clearly on top.}) 38... Kg8 (38... Bd2 $16 {was called for.}) 39. Bf6 Kf8 40. Ke2 Rc8 41. f4 Rb8 42. h5 Kg8 43. Kd3 Rc8 (43... Kh7 $142 44. Re7 Rxe7 45. Bxe7 Rb7 46. Bxd6 f5 47. gxf5 gxh5) 44. f5 {White is clearly winning.} g5 {If Black can now play ...Kf8 this consolidates a bit.} 45. Re7 Rcd8 {Now ...Rxe7 and Black clings on.} 46. Rxa7 Rxa7 47. Rxa7 Re8 48. c3 {Accuracy: White = 73%, Black = 51%.} 1-0

[Event "4th ChessMates Murmansk 2020"]
[Site "Murmansk"]
[Date "2020.03.13"]
[Round "1.2"]
[White "Vaino, Nikita"]
[Black "Vlachos, Anatole"]
[Result "0-1"]
[WhiteElo "1788"]
[BlackElo "2403"]
[Annotator "TA"]
[PlyCount "52"]
[EventDate "2020.03.13"]
[EventType "team-tourn"]
[EventCountry "RUS"]
[SourceTitle "playchess.com"]
[Source "ChessBase"]
[SourceQuality "1"]

{[%evp 9,52,-6,20,-44,-32,-39,8,-19,-19,-22,-22,-43,-49,-86,-96,-117,-112,-107,-101,-120,-121,-510,-510,-547,-525,-525,-151,-158,-158,-157,-157,-149,-162,-206,-188,-260,-263,-264,-258,-567,-556,-533,-468,-927,-927]} 1. c4 f5 2. Nc3 Nf6 3. d3 e5 4. g3 Bb4 5. Bg2 O-O 6. a3 {A10: English Opening: Unusual Replies for Black.} (6. Bd2 $11) 6... Bxc3+ $15 7. bxc3 c5 8. Nf3 {The position is equal.} Nc6 9. O-O d6 {[#]} 10. Qc2 $146 ({Predecessor:} 10. Ne1 Be6 11. Rb1 Qd7 12. Nc2 Rab8 13. Ne3 Ne7 14. f4 Bf7 15. Bd2 e4 16. d4 {0-1 (35) Borgdorf,M-Villwock,M Ruhrgebiet 1996}) 10... Qe8 11. Bb2 Qh5 12. Rad1 f4 13. Bc1 Bh3 14. Nh4 Bxg2 15. Nxg2 $4 {[%mdl 8192] Now White is beyond hope.} (15. Kxg2 $17 Rae8 16. e4) 15... Qh3 $19 16. f3 fxg3 17. hxg3 {Now g4 and White clings on.} Qxg3 $2 (17... Nh5 $19 {is more deadly.} 18. g4 Ng3) 18. Qd2 $17 Nh5 $40 {[%mdl 128] Hoping for ...Nf4. Black has strong attack.} 19. Qg5 Qxg5 20. Bxg5 {[#]} Nf4 $1 {[%cal Rf4h3]} 21. Nxf4 exf4 22. Rd2 (22. e3 {is a better defense.}) 22... Rae8 23. Bh4 Rf5 24. Re1 $2 (24. Rf2 {is tougher.}) 24... Rh5 {Black is clearly winning.} 25. Bf2 Re6 {[#] ( -> ...Rg6+)} 26. e3 (26. Kf1 $142 Ne5 27. Bg1) 26... Ne5 {Accuracy: White = 37%, Black = 79%.} 0-1

[Event "4th ChessMates Murmansk 2020"]
[Site "Murmansk"]
[Date "2020.03.13"]
[Round "1.3"]
[White "Rachid, Alexandre"]
[Black "Aga, Rihard"]
[Result "1/2-1/2"]
[WhiteElo "2099"]
[BlackElo "2054"]
[Annotator "TA"]
[PlyCount "96"]
[EventDate "2020.03.13"]
[EventType "team-tourn"]
[EventCountry "RUS"]
[SourceTitle "playchess.com"]
[Source "ChessBase"]
[SourceQuality "1"]

{[%evp 15,96,4,16,-10,-10,-41,0,0,0,0,0,0,0,-14,10,0,20,8,8,23,101,120,102,109,168,163,201,144,163,160,163,170,172,160,166,168,162,136,195,-8,-8,-8,-8,-8,0,-7,0,0,0,0,0,0,0,0,0,0,0,0,0,0,0,0,0,0,0,0,0,0,0,0,0,0,0,0,0,0,0,0,0,0,0,0,0]} 1. e4 c6 2. d4 d5 3. exd5 cxd5 4. Bd3 Nc6 5. c3 Nf6 6. h3 g6 7. Bf4 Bf5 8. Bxf5 {8.Be2 is more advanced technology. Played by Peter Svidler in October 2019.} gxf5 9. Qb3 {B13: Caro-Kann: Exchange Variation and Panov-Botvinnik Attack.} Qd7 10. Nf3 e6 11. Nbd2 {[#]} Ne4 $146 ({Predecessor:} 11... Rg8 12. Rg1 O-O-O 13. Ne5 Nxe5 14. Bxe5 Ne4 15. Nxe4 fxe4 16. c4 Bd6 17. Bf6 Be7 18. Bxe7 Qxe7 {½-½ (36) Huse,S (2188)-Machlik,E (2062) Norway 2019}) 12. Nxe4 fxe4 13. Ne5 Nxe5 14. dxe5 Rg8 15. O-O Be7 16. Rad1 Bg5 17. Bh2 f5 (17... Qc7 $11) 18. exf6 $1 $16 Bxf6 19. f3 e3 (19... exf3 $16 {keeps fighting.} 20. Rxf3 Be7) 20. Rfe1 $18 Bd8 21. Bf4 Bb6 22. Bxe3 Bxe3+ 23. Rxe3 {[#] Black must now prevent Rxd5.} O-O-O 24. Qc2 Rg6 25. c4 Qc7 26. Qe2 Rdg8 (26... dxc4 $16 27. Rxd8+ Kxd8) 27. Rxe6 $2 (27. g4 $18) 27... Rxg2+ $11 {The position is equal.} 28. Qxg2 Rxg2+ 29. Kxg2 $18 {[%mdl 4096] Endgame Hoping for Re8+. KQ-KRR} Qg7+ 30. Kf1 Qg3 31. cxd5 Qxf3+ 32. Ke1 Qh1+ 33. Ke2 Qxh3 34. Kd2 Kd7 35. Kc2 h5 36. Rd3 (36. Kb1 {feels hotter.} a5 37. Ree1 Kd6 38. Rh1 Qg4 39. Rdg1) 36... Qf5 37. Ree3 Kd6 38. Kc3 b5 39. Re6+ Kd7 40. a3 Qf4 41. Ree3 h4 42. d6 {[#]} h3 $1 {[%mdl 512]} 43. Rxh3 Qc1+ 44. Kd4 Qf4+ 45. Kd5 Qf5+ 46. Kd4 Qf4+ 47. Kd5 Qf5+ 48. Kd4 Qf4+ {White really could win this. Accuracy: White = 83%, Black = 83%.} 1/2-1/2

[Event "4th ChessMates Murmansk 2020"]
[Site "Murmansk"]
[Date "2020.03.13"]
[Round "1.4"]
[White "Nikitin, Arseni EST"]
[Black "Hasseine, Madiane"]
[Result "0-1"]
[WhiteElo "1680"]
[BlackElo "2163"]
[Annotator "TA"]
[PlyCount "66"]
[EventDate "2020.03.13"]
[EventType "team-tourn"]
[EventCountry "RUS"]
[SourceTitle "playchess.com"]
[Source "ChessBase"]
[SourceQuality "1"]

{[%evp 18,66,14,6,6,-22,-25,-62,-62,-57,-47,-155,-144,-145,-152,-139,-147,-162,-99,-109,-95,-89,-69,-77,-75,-88,-94,-212,-209,-191,-210,-192,-201,-314,-302,-313,-304,-433,-450,-445,-422,-29985,-742,-737,-741,-754,-741,-714,-605,-569,-574]} 1. e4 c5 2. Nf3 Nc6 3. d4 cxd4 4. Nxd4 e5 5. Nb5 d6 6. N1c3 a6 7. Na3 b5 8. Nd5 Nge7 9. Be3 Nxd5 10. exd5 Ne7 {[%cal Bc6e7,Be7f5,Bf5e3][%mdl 32] B33: Sicilian: Pelikan and Sveshnikov Variations.} 11. Qd2 Nf5 12. c3 Nxe3 {Black is slightly better.} 13. Qxe3 Be7 {[#]} 14. f4 $146 (14. Nc2 $15) ({Predecessor:} 14. Rd1 O-O 15. Bd3 Bg5 16. Qe2 f5 17. O-O Ra7 18. Bb1 Qb6 19. Kh1 Re7 20. Nc2 {0-1 (43) Eschle,H-Donev,I (2420) Pizol 1997}) 14... exf4 $17 15. Qxf4 O-O $1 {And now ...Bg5 would win.} 16. h4 Bf6 $1 $36 {[%mdl 2048] White is under strong pressure.} 17. O-O-O Be5 ({Better is} 17... Qa5 $1 $19 18. Bd3 Be5) 18. Qf3 Bd7 19. Kb1 Qb6 20. Bd3 Rac8 21. Rc1 a5 22. Bf5 (22. Rhf1 $17 {is a better defense.}) 22... Bxf5+ $1 $19 23. Qxf5 b4 24. cxb4 {[#]} Qxb4 $1 {[%csl Ge5][%cal Rb4b2][%mdl 512]} 25. Rc2 (25. Qf2 {was the only defense.}) 25... Rc5 {Hoping for ...Rb8.} 26. Qd3 Rfc8 {Threatens to win with ...Rxc2.} 27. Qb3 (27. Re2 {was necessary.}) 27... Qe4 {...Rxc2 is the strong threat.} 28. Rd1 a4 29. Qf3 (29. Qd3 $19 Rxc2 30. Nxc2 Qxg2 31. Qd2) 29... Qb4 (29... Rxc2 $142 30. Qxe4 Rxb2+ 31. Ka1 Rd2+ {[%mdl 64] Discovered Attack} 32. Qxe5 Rxd1+ 33. Kb2 dxe5 34. h5 Rd2+ 35. Kb1 e4 36. d6 Rxd6 37. Nb5 {[#]} Rb6 $1 {[%mdl 512]} 38. Kb2 a3+ $1 {[%mdl 512]} 39. Kb3 Rxb5+ 40. Ka4 Rb1 41. Kxa3 Ra8#) 30. Re2 {Black is clearly winning.} Rb8 {[%cal Rb4b2] ( -> ...Qxb2+!)} 31. Rdd2 Rc3 32. Rd3 Qxa3 33. Rxc3 Qxc3 {Accuracy: White = 47%, Black = 85%.} 0-1

[Event "4th ChessMates Murmansk 2020"]
[Site "Murmansk"]
[Date "2020.03.13"]
[Round "1.5"]
[White "Meillon, Judicael"]
[Black "Rikas, Artur"]
[Result "1-0"]
[WhiteElo "2162"]
[BlackElo "1580"]
[Annotator "TA"]
[PlyCount "89"]
[EventDate "2020.03.13"]
[EventType "team-tourn"]
[EventCountry "RUS"]
[SourceTitle "playchess.com"]
[Source "ChessBase"]
[SourceQuality "1"]

{[%evp 9,89,12,20,-25,0,-13,75,77,66,20,17,15,30,-25,-20,-8,-18,-89,-88,-78,-78,-82,-43,-123,-91,-113,-34,-59,18,-66,-53,-53,-53,-62,-62,-137,-132,-141,-133,-116,-55,-116,-82,-106,-91,-188,-187,-162,0,0,130,-79,136,-255,-257,-311,212,212,200,68,67,74,56,75,137,126,126,121,157,171,270,261,218,216,761,757,750,750,750,738,704,703]} 1. e4 e6 2. d3 d5 3. Nd2 Nf6 4. g3 Bc5 5. e5 Nfd7 6. Ngf3 {C00: French: Unusual White 2nd moves.} O-O 7. Nb3 {[#]} f6 $146 (7... Be7 $11) ({Predecessor:} 7... Bb6 8. Bh3 c5 9. c3 Nc6 10. d4 Qe7 11. O-O h6 12. Qe2 a6 13. Bf4 Ba7 {½-½ (28) Mueller,A (2119)-Goll,C (2057) Germany 2019}) 8. Nxc5 $16 {White is better.} Nxc5 9. b4 Ncd7 10. Bb2 fxe5 11. Nxe5 (11. Bg2 $142) 11... Nxe5 $11 12. Bxe5 Nc6 $36 {[%mdl 2048] White is under pressure.} 13. Bc3 (13. Bb2 $11 {remains equal.}) 13... d4 $17 14. Bd2 Qd5 (14... Qf6 15. Qe2 $11) 15. Rg1 e5 16. Qh5 (16. Bg2 $15 Qd6 17. a3) 16... Qd6 17. a3 Ne7 (17... Bf5 $17 {Strongly threatening ...Rae8.} 18. Bg2 a6) 18. Bg2 $15 c6 (18... Nd5 $15) 19. Be4 (19. f4 $1 $11) 19... g6 20. Qe2 Nd5 21. h4 Nf6 22. h5 (22. f3 $15) 22... Nxh5 $17 23. Rh1 Nf6 24. Rh4 Qe6 ({Black should play} 24... Be6 $17 25. f4 exf4 26. Bxf4 Qd7) 25. Bg5 (25. Kf1 $15) 25... Rf7 26. Kd2 a5 27. b5 (27. Rah1 $17 {was worth a try.} Nd7 28. b5) 27... cxb5 $19 28. Rah1 b4 $2 ({Black should try} 28... Nxe4+ $19 29. Rxe4 Bd7 30. Rxe5 Qc6) 29. Bxg6 $1 $11 hxg6 (29... Rc7 $1 $11 {keeps the balance.}) 30. Rh8+ $16 Kg7 {White must now prevent ...Qd5.} 31. Rd8 $2 {[%mdl 8192] [#]} (31. f4 $1 $16 {is forced if you want to stay better.}) 31... Ng8 $1 $19 ({And not} 31... Qc6 32. Rhh8 $11) 32. f4 e4 $4 {[%mdl 8192]} (32... Rf8 $19 33. Rxf8 Kxf8 34. axb4 axb4 35. fxe5 Qc6) 33. Qh2 $18 {[%csl Gh1][%cal Rh2h8]} e3+ {[#]} 34. Ke1 (34. Kc1 $1 $18 {[%csl Gh1][%cal Rh2h8]} Qh3 35. Qxh3 Bxh3 36. Rxa8) 34... Qh3 $1 $14 {[%cal Rh3h2]} 35. Qxh3 Bxh3 36. Rxa8 Bg2 (36... Bg4 $142 37. axb4 (37. Rxa5 Rc7 $11) 37... Rc7) 37. Rh2 $16 Bf3 {And now ...b3! would win.} 38. Rxa5 b3 {...Rc7 is the strong threat.} 39. Rb5 (39. cxb3 {is a self mate.} Rc7 40. Rc5 Rxc5 41. Bh6+ Nxh6 42. Rd2 Rc1+ 43. Rd1 Rxd1#) 39... bxc2 (39... Nf6 {was necessary.}) 40. Rxc2 $18 Ne7 41. Rc7 Kf8 $2 (41... Nf5 42. Rxf7+ Kxf7) 42. Rxe7 {White is clearly winning.} Rxe7 43. Bxe7+ Kxe7 44. Rb4 Ke6 45. Rxd4 {What a bad dream for Black. Accuracy: White = 58%, Black = 42%.} 1-0

[Event "4th ChessMates Murmansk 2020"]
[Site "Murmansk"]
[Date "2020.03.13"]
[Round "1.6"]
[White "Myskovski, Deniss"]
[Black "Kien, Clovis"]
[Result "0-1"]
[WhiteElo "1205"]
[BlackElo "1765"]
[Annotator "NA RC"]
[PlyCount "62"]
[EventDate "2020.03.13"]
[EventType "team-tourn"]
[EventCountry "RUS"]
[SourceTitle "playchess.com"]
[Source "ChessBase"]
[SourceQuality "1"]
[TimeControl "5400+30"]

1. e4 {[%emt 0:00:00]} c5 2. Nf3 {[%emt 0:00:00]} Nc6 {[%emt 0:00:00]} 3. d4 {[%emt 0:00:00]} cxd4 {[%emt 0:00:00]} 4. Nxd4 {[%emt 0:00:07]} e5 {[%emt 0:00:11]} 5. Nf3 {[%emt 0:00:15]} Nf6 {[%emt 0:03:29]} 6. Bd3 {[%emt 0:00:38]} d5 {[%emt 0:09:09]} 7. Bg5 {[%emt 0:04:03]} dxe4 {[%emt 0:15:49]} 8. Bxf6 {[%emt 0:01:18]} Qxf6 {[%emt 0:08:28]} 9. Bxe4 {[%emt 0:01:28]} Bb4+ {[%emt 0:01:00]} 10. c3 {[%emt 0:00:38]} Bc5 {[%emt 0:03:26]} 11. O-O {[%emt 0:09:12]} Bg4 {[%emt 0:04:08]} 12. h3 {[%emt 0:03:04]} Bh5 {[%emt 0:03:20]} 13. Qd5 {[%emt 0:05:44]} Bb6 {[%emt 0:00:42]} 14. Nbd2 {[%emt 0:03:55]} O-O {[%emt 0:04:06]} 15. Nc4 {[%emt 0:07:40]} Rad8 {[%emt 0:04:25]} 16. Qb5 {[%emt 0:04:53]} Qf4 {[%emt 0:01:08]} 17. Bxc6 {[%emt 0:03:22]} bxc6 {[%emt 0:00:22]} 18. Qxe5 {[%emt 0:01:45]} Qxc4 {[%emt 0:03:31]} 19. Qxh5 {[%emt 0:00:21]} Qe2 {[%emt 0:03:58]} 20. Qh4 {[%emt 0:10:27]} Qxb2 {[%emt 0:04:48]} 21. Ng5 {[%emt 0:03:06]} h6 {[%emt 0:03:26]} 22. Ne4 {[%emt 0:07:40]} f5 {[%emt 0:02:47]} 23. Ng3 {[%emt 0:05:10]} Bxf2+ {[%emt 0:00:27]} 24. Rxf2 {[%emt 0:00:32]} Qxa1+ {[%emt 0:00:08]} 25. Kh2 {[%emt 0:00:53]} Rd5 {[%emt 0:12:37]} 26. Rf3 {[%emt 0:05:10]} Qxa2 {[%emt 0:01:21]} 27. Nh5 {[%emt 0:05:14]} Rd2 {[%emt 0:02:49]} 28. Rg3 {[%emt 0:01:25]} Rf7 {[%emt 0:05:39]} 29. Nf6+ {[%emt 0:02:15]} Rxf6 {[%emt 0:00:38]} 30. Qxf6 {[%emt 0:00:35]} Rxg2+ {[%emt 0:00:02]} 31. Rxg2 {[%emt 0:00:19]} Qxg2+ {[%emt 0:00:07]} 0-1

[Event "4th ChessMates Murmansk 2020"]
[Site "Murmansk"]
[Date "2020.03.13"]
[Round "1.7"]
[White "Gherghinoiu, Lucas"]
[Black "Blokhin, Sofia"]
[Result "1-0"]
[WhiteElo "2109"]
[BlackElo "1854"]
[Annotator "TA"]
[PlyCount "47"]
[EventDate "2020.03.13"]
[EventType "team-tourn"]
[EventCountry "RUS"]
[SourceTitle "playchess.com"]
[Source "ChessBase"]
[SourceQuality "1"]

{[%evp 11,47,36,56,40,37,27,111,107,104,112,150,128,269,283,291,269,339,325,327,318,461,311,721,714,1167,460,1114,595,634,643,645,395,500,479,29997,29998,29998,29999]} 1. e4 c5 2. Nf3 e6 3. d4 cxd4 4. Nxd4 a6 5. Nc3 Qc7 6. f4 Bb4 7. Bd2 {B43: Sicilian: Kan Variation: 5 Nc3.} Ne7 8. Bd3 {[#]} Bc5 $146 (8... O-O $11 {remains equal.}) ({Predecessor:} 8... d6 9. Qf3 Nbc6 10. Qg3 O-O 11. Nf3 f5 12. O-O-O Bc5 13. exf5 Nxf5 14. Bxf5 Rxf5 {0-1 (54) Matinian,N (2348)-Zubov,A (2586) Voronezh 2010}) 9. Nb3 $16 {White is better.} Ba7 10. Qg4 O-O 11. e5 f5 (11... Nbc6 $16 {is a better defense.}) 12. exf6 $1 $18 Rxf6 {[#]} 13. Qh5 $1 {[%cal Rh5h7]} g6 14. Qg5 Rf7 15. h4 Nbc6 (15... d5 $142 16. h5 Rg7) 16. Ne4 Nd5 $2 (16... Nf5 17. Nf6+ Rxf6) 17. h5 Nce7 18. g3 (18. hxg6 $142 Nxg6 19. g3) 18... b5 (18... d6 $142 19. c4 Rf5) 19. O-O-O {And now hxg6 would win.} Bb7 20. hxg6 Nxg6 21. Rh2 {Rdh1 is the strong threat.} Raf8 22. Qh6 {aiming for Ng5.} Ne3 {[#]} (22... Rg7 $18 23. Ng5 Nf6) 23. Nf6+ $1 {[%mdl 576] Double Attack} Kh8 {[#]} (23... Rxf6 24. Qxh7#) 24. Qxh7+ $1 {[%mdl 512] Black did not feel at home in the position after the opening. Accuracy: White = 53%, Black = 15%.} 1-0

[Event "4th ChessMates Murmansk 2020"]
[Site "Murmansk"]
[Date "2020.03.13"]
[Round "1.8"]
[White "Smirnova, Jekaterina"]
[Black "Fougerat, Emma"]
[Result "1/2-1/2"]
[WhiteElo "1439"]
[BlackElo "1668"]
[Annotator "NA RC"]
[PlyCount "38"]
[EventDate "2020.03.13"]
[EventType "team-tourn"]
[EventCountry "RUS"]
[SourceTitle "playchess.com"]
[Source "ChessBase"]
[SourceQuality "1"]
[TimeControl "5400+30"]

1. c4 {[%emt 0:00:00]} c5 {[%emt 0:00:02]} 2. Nc3 {[%emt 0:00:00]} Nf6 {[%emt 0:00:43]} 3. Nf3 {[%emt 0:00:15]} g6 {[%emt 0:01:44]} 4. d3 {[%emt 0:00:34]} Bg7 {[%emt 0:00:53]} 5. e4 {[%emt 0:00:11]} d6 {[%emt 0:01:02]} 6. Be2 {[%emt 0:00:06]} O-O {[%emt 0:01:35]} 7. O-O {[%emt 0:00:26]} Nc6 {[%emt 0:02:16]} 8. Be3 {[%emt 0:03:17]} a6 {[%emt 0:04:39]} 9. h3 {[%emt 0:04:13]} Rb8 {[%emt 0:03:36]} 10. a4 {[%emt 0:01:51]} Bd7 {[%emt 0:01:43]} 11. Qd2 {[%emt 0:03:19]} Re8 {[%emt 0:02:24]} 12. Nh4 {[%emt 0:05:18]} Na5 {[%emt 0:08:50]} 13. Bd1 {[%emt 0:06:54]} Nc6 {[%emt 0:25:46]} 14. f4 {[%emt 0:02:24]} e6 {[%emt 0:01:25]} 15. Nf3 {[%emt 0:00:23]} Qc7 {[%emt 0:03:10]} 16. Kh1 {[%emt 0:02:50]} Nb4 {[%emt 0:03:27]} 17. e5 {[%emt 0:24:27]} Nh5 {[%emt 0:13:36]} 18. Kg1 {[%emt 0:08:37]} Ng3 {[%emt 0:04:18]} 19. Re1 {[%emt 0:04:48]} Nf5 {[%emt 0:03:57]} 1/2-1/2

[Event "4th ChessMates Murmansk 2020"]
[Site "Murmansk"]
[Date "2020.03.13"]
[Round "1.9"]
[White "Matsumura, Cocoro"]
[Black "Mertins, Ostap"]
[Result "1-0"]
[WhiteElo "1896"]
[BlackElo "1375"]
[Annotator "NA RC"]
[PlyCount "45"]
[EventDate "2020.03.13"]
[EventType "team-tourn"]
[EventCountry "RUS"]
[SourceTitle "playchess.com"]
[Source "ChessBase"]
[SourceQuality "1"]
[TimeControl "5400+30"]

1. e4 {[%emt 0:00:00]} c5 {[%emt 0:00:00]} 2. Nf3 {[%emt 0:00:00]} d6 {[%emt 0:00:00]} 3. d4 {[%emt 0:00:00]} cxd4 {[%emt 0:00:18]} 4. Nxd4 {[%emt 0:00:00]} Nf6 {[%emt 0:00:14]} 5. Nc3 {[%emt 0:00:03]} a6 {[%emt 0:00:26]} 6. f3 {[%emt 0:00:10]} Qc7 {[%emt 0:01:44]} 7. Be3 {[%emt 0:00:55]} Nbd7 {[%emt 0:01:34]} 8. Qd2 {[%emt 0:01:43]} e6 {[%emt 0:01:12]} 9. O-O-O {[%emt 0:01:11]} b6 {[%emt 0:05:54]} 10. g4 {[%emt 0:03:14]} h6 {[%emt 0:01:44]} 11. h4 {[%emt 0:01:52]} Be7 {[%emt 0:01:51]} 12. Bh3 {[%emt 0:03:35]} Ne5 {[%emt 0:02:01]} 13. g5 {[%emt 0:02:42]} hxg5 {[%emt 0:05:47]} 14. hxg5 {[%emt 0:01:46]} Nh5 {[%emt 0:04:48]} 15. f4 {[%emt 0:10:06]} Nc4 {[%emt 0:02:05]} 16. Qf2 {[%emt 0:04:23]} Bb7 {[%emt 0:03:20]} 17. g6 {[%emt 0:01:55]} Nxe3 {[%emt 0:10:22]} 18. gxf7+ {[%emt 0:00:22]} Kxf7 {[%emt 0:00:33]} 19. Bxe6+ {[%emt 0:01:05]} Ke8 {[%emt 0:00:58]} 20. Qxe3 {[%emt 0:00:45]} Bc8 {[%emt 0:01:59]} 21. Bf5 {[%emt 0:01:12]} Bxf5 {[%emt 0:02:11]} 22. Nxf5 {[%emt 0:00:11]} Nf6 {[%emt 0:03:59]} 23. Rxh8+ {[%emt 0:00:08]} 1-0

[Event "4th ChessMates Murmansk 2020"]
[Site "Murmansk"]
[Date "2020.03.13"]
[Round "1.11"]
[White "Venkatesan, Kavin"]
[Black "Galchenko, Matvey"]
[Result "0-1"]
[WhiteElo "2021"]
[BlackElo "2424"]
[Annotator "TA"]
[PlyCount "88"]
[EventDate "2020.03.13"]
[EventType "team-tourn"]
[EventCountry "RUS"]
[SourceTitle "playchess.com"]
[Source "ChessBase"]
[SourceQuality "1"]

{[%evp 20,88,-15,-8,-7,0,0,0,7,-44,-22,-45,-30,-35,-27,-36,-34,-37,-31,-49,-52,-46,-53,-42,-46,-42,-38,-37,-25,-109,-95,-95,-68,-178,-163,-189,-187,-229,-230,-244,-254,-267,-238,-237,-237,-227,-223,-274,-227,-241,-201,-385,-377,-337,-377,-326,0,-199,-179,-299,-274,-592,-587,-950,-947,-1254,-1560,-1568,-1472,-1213,-1120]} 1. d4 Nf6 2. c4 c5 3. d5 e6 4. Nc3 exd5 5. cxd5 d6 6. e4 g6 7. f4 Bg7 8. Bb5+ Nfd7 9. a4 O-O 10. Nge2 Na6 11. O-O Nb4 {A67: Modern Benoni: Taimanov Variation.} 12. Be3 a6 {[#]} 13. Bxd7 $146 ({Predecessor:} 13. Bd3 b6 14. Bf2 Re8 15. Qd2 Nf6 16. Rae1 Nxd3 17. Qxd3 Ng4 18. Kh1 Nxf2+ 19. Rxf2 {0-1 (27) Genin,L-Wesche,T (1877) ICCF email 2008}) 13... Bxd7 {The position is equal.} 14. Ng3 (14. Qd2 $11) 14... f5 $15 15. e5 dxe5 16. Bxc5 {[#] Strongly threatening a5.} e4 17. Bxf8 Qxf8 18. Qb3 {Threatens to win with d6+.} a5 {[%mdl 1024] Black has compensation.} 19. Rad1 Rc8 {[%cal Ba8c8,Bc8c4,Bc4b4][%mdl 32]} 20. Nge2 Qc5+ 21. Kh1 Qc4 $36 {[%mdl 2048] Black fights for an advantage.} 22. Qxc4 Rxc4 23. Rd2 Nd3 24. Ra1 (24. Rb1 $11) 24... Kf7 25. g3 Rb4 26. Ra2 (26. Rb1 $1 $15) 26... Ke7 $19 27. Kg2 Kd6 28. Kg1 b6 29. Kg2 Nc5 30. Kf2 Nxa4 31. Nxa4 Bxa4 32. Nc3 Bb3 33. Ra3 Bc4 34. h3 Bd3 35. g4 $2 {[#]} (35. Ke1) 35... Bd4+ 36. Kg3 Be3 37. Rh2 Bd4 38. Rd2 $1 Bf6 39. Ra1 (39. g5 $142 Bd4 40. h4) 39... Rb3 40. Rad1 $2 (40. gxf5 {is tougher.} gxf5 41. h4) 40... b5 {[%cal Bb6b5,Bb5b4][%mdl 32] Black is clearly winning.} 41. Rxd3 exd3 42. Rxd3 Bxc3 43. bxc3 b4 44. Kf2 Rxc3 {Accuracy: White = 48%, Black = 93%.} 0-1